Pokemon Cities and Towns - Statistics

General Stats
  • This quiz has been taken 1,010 times
  • The average score is 30 of 69
Answer Stats
Region Answer % Correct
Kanto Pallet Town
95%
Kanto Cerulean City
86%
Kanto Pewter City
84%
Kanto Viridian City
80%
Kanto Lavender Town
79%
Kanto Vermillion City
74%
Kanto Saffron City
73%
Kanto Cinnabar Island
72%
Kanto Celadon City
70%
Kanto Fuschia City
63%
Johto Goldenrod City
62%
Johto New Bark Town
59%
Johto Ecruteak City
54%
Hoenn Littleroot Town
53%
Johto Violet City
53%
Johto Blackthorn City
52%
Hoenn Mauville City
52%
Johto Azalea Town
49%
Hoenn Sootopolis City
49%
Hoenn Petalburg City
48%
Hoenn Rustboro City
48%
Hoenn Slateport City
47%
Hoenn Dewford Town
46%
Hoenn Fortree City
46%
Sinnoh Twinleaf Town
45%
Hoenn Lavaridge Town
44%
Johto Mahogany Town
44%
Johto Olivine City
44%
Hoenn Ever Grande City
43%
Sinnoh Jubilife City
43%
Hoenn Mossdeep City
43%
Johto Cherrygrove City
42%
Sinnoh Eterna City
42%
Sinnoh Snowpoint City
42%
Sinnoh Hearthome City
41%
Sinnoh Sunyshore City
41%
Hoenn Lilycove City
40%
Sinnoh Oreburgh City
40%
Hoenn Oldale Town
39%
Sinnoh Sandgem Town
39%
Unova Castelia City
37%
Johto Cianwood City
37%
Hoenn Pacifidlog Town
36%
Sinnoh Pastoria City
36%
Sinnoh Canalave City
35%
Unova Nimbasa City
34%
Sinnoh Veilstone City
34%
Hoenn Verdanturf Town
33%
Unova Driftveil City
32%
Hoenn Fallarbor Town
31%
Sinnoh Floaroma Town
31%
Unova Striaton City
29%
Sinnoh Celestic Town
28%
Sinnoh Solaceon Town
28%
Unova Nuvema Town
27%
Unova Mistralton City
26%
Unova Black City/White Forest
25%
Unova Icirrus City
25%
Unova Accumula Town
24%
Unova Nacrene City
24%
Unova Undella Town
24%
Unova Opelucid City
23%
Unova Virbank City
23%
Unova Aspertia City
22%
Unova Humilau City
20%
Unova Lacunosa Town
18%
Unova Floccesy Town
16%
Unova Anville Town
14%
Unova Lentimas Town
13%
No matching quizzes found
Score Distribution
Percent of People with Each Score
Percentile by Number Answered
Your Score History
You have not taken this quiz